00371nam a22001457a 4500003000400000008004100004020001800045082002000063100002200083245004300105260002600148300001100174650001700185700002300202OSt250403b |||||||| |||| 00| 0 eng d a9789394490338 a634.042 bN15B aNaik. Bhima Sen  aBreeding of Fruit and Plantation Crop  aNew DelhibNIPAc2022 a189 P. aHorticulture aTarai Kumar Ranjan